[Event "45th FIDE Chess Olympiad Open"]
[Site "Budapest, Hungary"]
[Date "2024.09.20"]
[Round "9"]
[White "Amilal Munkhdalai"]
[Black "Suleymenov, Alisher"]
[Result "0-1"]
[Board "95"]
[WhiteFideId "4903250"]
[BlackFideId "13707833"]
[WhiteTitle "IM"]
[BlackTitle "GM"]
[WhiteElo "2374"]
[BlackElo "2484"]
[WhiteTeam "Mongolia"]
[BlackTeam "Kazakhstan"]
[WhiteClock "0:01:27"]
[BlackClock "0:04:54"]
[Variant "Standard"]

1. e4 {[%clk 1:30:58]}  e5 {[%clk 1:30:54]} 2. Nf3 {[%clk 1:31:24]}  Nc6 {[%clk 1:31:19]} 3. Bb5 {[%clk 1:31:51]}  g6 {[%clk 1:31:41]} 4. d4 {[%clk 1:30:02]}  exd4 {[%clk 1:32:03]} 5. Nxd4 {[%clk 1:30:19]}  Bg7 {[%clk 1:32:26]} 6. Nxc6 {[%clk 1:15:06]}  bxc6 {[%clk 1:32:45]} 7. Bc4 {[%clk 1:13:57]}  Ne7 {[%clk 1:28:45]} 8. Nc3 {[%clk 1:12:53]}  d6 {[%clk 1:15:53]} 9. Be3 {[%clk 1:03:48]}  c5 {[%clk 1:03:12]} 10. Qd2 {[%clk 1:02:23]}  Be6 {[%clk 1:00:39]} 11. Bb5+ {[%clk 0:55:02]}  c6 {[%clk 0:58:16]} 12. Be2 {[%clk 0:55:23]}  Rb8 {[%clk 0:43:26]} 13. Rb1 {[%clk 0:41:11]}  O-O {[%clk 0:39:18]} 14. O-O {[%clk 0:40:36]}  Qc7 {[%clk 0:39:10]} 15. Bh6 {[%clk 0:33:03]}  Bxh6 {[%clk 0:35:32]} 16. Qxh6 {[%clk 0:33:31]}  d5 {[%clk 0:35:57]} 17. Qh4 {[%clk 0:04:43]}  Rb4 {[%clk 0:27:12]} 18. a3 {[%clk 0:04:50]}  Rd4 {[%clk 0:27:22]} 19. f3 {[%clk 0:02:14]}  f5 {[%clk 0:18:26]} 20. Qg5 {[%clk 0:02:36]}  Rf7 {[%clk 0:13:19]} 21. exd5 {[%clk 0:02:52]}  Nxd5 {[%clk 0:13:44]} 22. Nxd5 {[%clk 0:03:12]}  cxd5 {[%clk 0:12:04]} 23. c3 {[%clk 0:03:27]}  Ra4 {[%clk 0:11:44]} 24. Rbe1 {[%clk 0:03:48]}  Qb6 {[%clk 0:09:24]} 25. Rf2 {[%clk 0:02:30]}  c4 {[%clk 0:08:19]} 26. Bd1 {[%clk 0:02:14]}  Ra6 {[%clk 0:08:33]} 27. Kf1 {[%clk 0:01:51]}  Rf8 {[%clk 0:07:54]} 28. Rd2 {[%clk 0:01:44]}  Bf7 {[%clk 0:06:08]} 29. Qe3 {[%clk 0:00:59]}  Qxe3 {[%clk 0:03:31]} 30. Rxe3 {[%clk 0:01:28]}  Rb8 {[%clk 0:04:00]} 31. f4 {[%clk 0:01:19]}  Rab6 {[%clk 0:04:19]} 32. Ree2 {[%clk 0:01:34]}  d4 {[%clk 0:02:26]} 33. Rxd4 {[%clk 0:01:44]}  Rxb2 {[%clk 0:02:53]} 34. Rxb2 {[%clk 0:02:00]}  Rxb2 {[%clk 0:03:19]} 35. Rd8+ {[%clk 0:01:21]}  Kg7 {[%clk 0:03:48]} 36. Rd7 {[%clk 0:01:40]}  Kf6 {[%clk 0:03:17]} 37. Bf3 {[%clk 0:00:58]}  Rb3 {[%clk 0:02:00]} 38. Rxa7 {[%clk 0:01:21]}  Rxc3 {[%clk 0:01:17]} 39. Ke2 {[%clk 0:01:38]}  Rd3 {[%clk 0:00:44]} 40. Ra6+ {[%clk 0:01:28]}  Be6 {[%clk 0:00:57]} 41. a4 {[%clk 0:25:33]}  Ke7 {[%clk 0:24:38]} 42. Ra7+ {[%clk 0:23:20]}  Kd6 {[%clk 0:24:51]} 43. Ra6+ {[%clk 0:19:31]}  Kd7 {[%clk 0:25:02]} 44. Ra7+ {[%clk 0:18:10]}  Kc8 {[%clk 0:24:20]} 45. Rxh7 {[%clk 0:06:19]}  Rd6 {[%clk 0:21:29]} 46. Ke1 {[%clk 0:02:29]}  c3 {[%clk 0:20:37]} 47. Bd1 {[%clk 0:02:52]}  Bc4 {[%clk 0:20:42]} 48. Re7 {[%clk 0:02:38]}  Bd3 {[%clk 0:14:11]} 49. Re3 {[%clk 0:02:25]}  Kc7 {[%clk 0:13:25]} 50. Bf3 {[%clk 0:02:22]}  Kb6 {[%clk 0:13:19]} 51. Re5 {[%clk 0:01:36]}  Be4 {[%clk 0:10:55]} 52. Bxe4 {[%clk 0:01:33]}  fxe4 {[%clk 0:11:22]} 53. a5+ {[%clk 0:01:29]}  Kc6 {[%clk 0:11:43]} 54. Rxe4 {[%clk 0:01:21]}  Kb5 {[%clk 0:11:08]} 55. Re2 {[%clk 0:01:09]}  Kc4 {[%clk 0:09:18]} 56. Re8 {[%clk 0:00:38]}  c2 {[%clk 0:08:09]} 57. Rc8+ {[%clk 0:01:04]}  Kb3 {[%clk 0:08:13]} 58. Ke2 {[%clk 0:01:04]}  Rd1 {[%clk 0:08:09]} 59. g4 {[%clk 0:00:33]}  c1=Q {[%clk 0:08:04]} 60. Rxc1 {[%clk 0:01:01]}  Rxc1 {[%clk 0:08:32]} 61. Kd3 {[%clk 0:00:54]}  Rc4 {[%clk 0:06:07]} 62. Ke3 {[%clk 0:00:55]}  Kb4 {[%clk 0:05:43]} 63. h4 {[%clk 0:00:46]}  Kc5 {[%clk 0:05:38]} 64. h5 {[%clk 0:01:01]}  gxh5 {[%clk 0:06:04]} 65. gxh5 {[%clk 0:01:30]}  Kd5 {[%clk 0:06:11]} 66. Kf3 {[%clk 0:01:29]}  Ke6 {[%clk 0:06:14]} 67. h6 {[%clk 0:00:42]}  Kf6 {[%clk 0:06:09]} 68. f5 {[%clk 0:01:02]}  Rh4 {[%clk 0:04:44]} 69. a6 {[%clk 0:01:27]}  Rxh6 {[%clk 0:04:54]} 0-1

[Event "45th FIDE Chess Olympiad Open"]
[Site "Budapest, Hungary"]
[Date "2024.09.20"]
[Round "9"]
[White "Zhalmakhanov, Ramazan"]
[Black "Itgelt, Khuyagtsogt"]
[Result "1-0"]
[Board "96"]
[WhiteFideId "13706357"]
[BlackFideId "4902912"]
[WhiteTitle "GM"]
[BlackTitle "FM"]
[WhiteElo "2497"]
[BlackElo "2412"]
[WhiteTeam "Kazakhstan"]
[BlackTeam "Mongolia"]
[WhiteClock "0:05:49"]
[BlackClock "0:02:31"]
[Variant "Standard"]

1. e4 {[%clk 1:30:56]}  e5 {[%clk 1:30:53]} 2. Nf3 {[%clk 1:31:12]}  Nc6 {[%clk 1:31:16]} 3. Bb5 {[%clk 1:31:36]}  a6 {[%clk 1:31:39]} 4. Ba4 {[%clk 1:31:58]}  Nf6 {[%clk 1:32:03]} 5. O-O {[%clk 1:31:55]}  b5 {[%clk 1:32:25]} 6. Bb3 {[%clk 1:32:19]}  Bc5 {[%clk 1:32:47]} 7. c3 {[%clk 1:32:07]}  d6 {[%clk 1:33:08]} 8. d4 {[%clk 1:32:17]}  Bb6 {[%clk 1:33:29]} 9. h3 {[%clk 1:23:44]}  O-O {[%clk 1:29:07]} 10. Be3 {[%clk 1:21:28]}  Re8 {[%clk 1:25:20]} 11. Nbd2 {[%clk 1:18:13]}  exd4 {[%clk 1:22:25]} 12. cxd4 {[%clk 1:17:56]}  Na5 {[%clk 1:22:47]} 13. Bc2 {[%clk 1:16:39]}  Bb7 {[%clk 1:23:03]} 14. Qb1 {[%clk 1:14:25]}  Nc4 {[%clk 1:23:05]} 15. Nxc4 {[%clk 0:55:56]}  bxc4 {[%clk 1:23:22]} 16. Nd2 {[%clk 0:48:25]}  Rb8 {[%clk 1:23:33]} 17. Re1 {[%clk 0:40:24]}  c3 {[%clk 1:18:31]} 18. bxc3 {[%clk 0:37:41]}  Ba5 {[%clk 1:16:23]} 19. Qb3 {[%clk 0:35:13]}  Bxe4 {[%clk 1:06:58]} 20. Qa3 {[%clk 0:34:43]}  Bxc2 {[%clk 1:07:11]} 21. Qxa5 {[%clk 0:35:11]}  Qc8 {[%clk 1:07:05]} 22. c4 {[%clk 0:34:03]}  Bg6 {[%clk 1:00:41]} 23. d5 {[%clk 0:31:44]}  Nd7 {[%clk 0:52:08]} 24. Nf3 {[%clk 0:24:35]}  Ne5 {[%clk 0:48:51]} 25. Nxe5 {[%clk 0:21:25]}  Rxe5 {[%clk 0:49:03]} 26. Rac1 {[%clk 0:18:30]}  h6 {[%clk 0:48:19]} 27. Red1 {[%clk 0:16:46]}  Be4 {[%clk 0:24:45]} 28. Bf4 {[%clk 0:12:08]}  Rf5 {[%clk 0:21:33]} 29. Qd2 {[%clk 0:11:23]}  Rf6 {[%clk 0:15:51]} 30. Bg3 {[%clk 0:10:09]}  Qb7 {[%clk 0:03:04]} 31. Re1 {[%clk 0:09:38]}  Bg6 {[%clk 0:03:18]} 32. Re7 {[%clk 0:09:55]}  Qb6 {[%clk 0:02:33]} 33. c5 {[%clk 0:09:24]}  dxc5 {[%clk 0:02:31]} 34. Bxc7 {[%clk 0:09:39]}  Qb2 {[%clk 0:02:58]} 35. Re2 {[%clk 0:09:00]}  Qxc1+ {[%clk 0:01:35]} 36. Qxc1 {[%clk 0:09:21]}  Rb1 {[%clk 0:02:03]} 37. Qxb1 {[%clk 0:08:52]}  Bxb1 {[%clk 0:02:32]} 38. d6 {[%clk 0:08:50]}  Bf5 {[%clk 0:02:57]} 39. Re5 {[%clk 0:05:27]}  Be6 {[%clk 0:00:36]} 40. Rxe6 {[%clk 0:05:04]}  Rxe6 {[%clk 0:00:34]} 41. d7 {[%clk 0:05:28]}  Re1+ {[%clk 0:00:57]} 42. Kh2 {[%clk 0:05:48]}  Rd1 {[%clk 0:01:26]} 43. d8=Q+ {[%clk 0:06:05]}  Rxd8 {[%clk 0:01:51]} 44. Bxd8 {[%clk 0:06:26]}  f5 {[%clk 0:01:18]} 45. Kg3 {[%clk 0:06:41]}  Kf7 {[%clk 0:01:44]} 46. Bb6 {[%clk 0:06:15]}  c4 {[%clk 0:02:09]} 47. Bd4 {[%clk 0:05:35]}  g5 {[%clk 0:02:22]} 48. f4 {[%clk 0:05:38]}  Ke6 {[%clk 0:02:31]} 49. Kf3 {[%clk 0:05:49]} 1-0

[Event "45th FIDE Chess Olympiad Open"]
[Site "Budapest, Hungary"]
[Date "2024.09.20"]
[Round "9"]
[White "Haring, Filip"]
[Black "Murphy, Conor E"]
[Result "1-0"]
[Board "97"]
[WhiteFideId "14933080"]
[BlackFideId "421669"]
[WhiteTitle "IM"]
[BlackTitle "IM"]
[WhiteElo "2503"]
[BlackElo "2453"]
[WhiteTeam "Slovakia"]
[BlackTeam "Ireland"]
[WhiteClock "0:27:43"]
[BlackClock "0:24:14"]
[Variant "Standard"]

1. e4 {[%clk 1:30:56]}  e5 {[%clk 1:30:53]} 2. Nf3 {[%clk 1:31:18]}  Nc6 {[%clk 1:31:14]} 3. Bb5 {[%clk 1:31:30]}  Nf6 {[%clk 1:31:27]} 4. d3 {[%clk 1:30:00]}  Bc5 {[%clk 1:31:49]} 5. Bxc6 {[%clk 1:30:23]}  dxc6 {[%clk 1:32:11]} 6. O-O {[%clk 1:30:41]}  Qe7 {[%clk 1:32:01]} 7. Nbd2 {[%clk 1:30:15]}  a5 {[%clk 1:31:59]} 8. Nc4 {[%clk 1:30:09]}  Nd7 {[%clk 1:31:53]} 9. Ne3 {[%clk 1:29:55]}  f6 {[%clk 1:28:05]} 10. Nf5 {[%clk 1:29:53]}  Qf7 {[%clk 1:26:47]} 11. Re1 {[%clk 1:30:11]}  Nf8 {[%clk 1:17:02]} 12. Bd2 {[%clk 1:30:16]}  Ne6 {[%clk 1:15:21]} 13. a3 {[%clk 1:28:48]}  a4 {[%clk 1:10:20]} 14. h3 {[%clk 1:12:01]}  O-O {[%clk 1:05:43]} 15. Qe2 {[%clk 1:08:34]}  Re8 {[%clk 1:05:27]} 16. Qf1 {[%clk 1:08:34]}  Bf8 {[%clk 1:04:44]} 17. g4 {[%clk 1:01:57]}  c5 {[%clk 0:59:21]} 18. Qg2 {[%clk 0:58:08]}  Kh8 {[%clk 0:57:39]} 19. Be3 {[%clk 0:49:13]}  Ra6 {[%clk 0:49:39]} 20. Kh1 {[%clk 0:39:48]}  Nd4 {[%clk 0:47:39]} 21. N3xd4 {[%clk 0:23:37]}  cxd4 {[%clk 0:46:25]} 22. Bd2 {[%clk 0:24:02]}  Rb6 {[%clk 0:44:22]} 23. Reb1 {[%clk 0:23:41]}  Be6 {[%clk 0:40:53]} 24. f4 {[%clk 0:22:43]}  Qg8 {[%clk 0:31:31]} 25. fxe5 {[%clk 0:19:09]}  fxe5 {[%clk 0:31:49]} 26. Qf2 {[%clk 0:09:45]}  Ba2 {[%clk 0:27:39]} 27. Rf1 {[%clk 0:10:08]}  Rxb2 {[%clk 0:27:07]} 28. Bc1 {[%clk 0:08:37]}  Rb1 {[%clk 0:22:46]} 29. Rxb1 {[%clk 0:07:46]}  Bxb1 {[%clk 0:23:12]} 30. g5 {[%clk 0:04:29]}  Qf7 {[%clk 0:12:09]} 31. Qg2 {[%clk 0:01:47]}  Qe6 {[%clk 0:04:15]} 32. h4 {[%clk 0:01:32]}  b5 {[%clk 0:03:53]} 33. h5 {[%clk 0:01:39]}  g6 {[%clk 0:01:53]} 34. hxg6 {[%clk 0:00:45]}  Qxg6 {[%clk 0:01:47]} 35. Qh2 {[%clk 0:00:36]}  Ba2 {[%clk 0:01:34]} 36. Rf3 {[%clk 0:00:33]}  Bg8 {[%clk 0:00:47]} 37. Rh3 {[%clk 0:00:34]}  c5 {[%clk 0:00:40]} 38. Nh4 {[%clk 0:00:41]}  Qf7 {[%clk 0:00:38]} 39. Kg1 {[%clk 0:00:34]}  Bg7 {[%clk 0:00:33]} 40. g6 {[%clk 0:00:45]}  Qf6 {[%clk 0:00:34]} 41. Nf5 {[%clk 0:27:20]}  Qxg6+ {[%clk 0:24:14]} 42. Rg3 {[%clk 0:27:43]} 1-0

[Event "45th FIDE Chess Olympiad Open"]
[Site "Budapest, Hungary"]
[Date "2024.09.20"]
[Round "9"]
[White "Kanyamarala, Tarun"]
[Black "Sahidi, Samir"]
[Result "1/2-1/2"]
[Board "98"]
[WhiteFideId "45004714"]
[BlackFideId "14936372"]
[WhiteTitle "IM"]
[BlackTitle "IM"]
[WhiteElo "2361"]
[BlackElo "2474"]
[WhiteTeam "Ireland"]
[BlackTeam "Slovakia"]
[WhiteClock "0:17:50"]
[BlackClock "0:13:41"]
[Variant "Standard"]

1. d4 {[%clk 1:30:56]}  Nf6 {[%clk 1:30:51]} 2. c4 {[%clk 1:31:19]}  e6 {[%clk 1:31:14]} 3. Bf4 {[%clk 1:31:39]}  b6 {[%clk 1:29:01]} 4. a3 {[%clk 1:31:58]}  Bb7 {[%clk 1:27:24]} 5. Nc3 {[%clk 1:32:18]}  d5 {[%clk 1:26:47]} 6. cxd5 {[%clk 1:32:38]}  Nxd5 {[%clk 1:26:46]} 7. Nxd5 {[%clk 1:33:02]}  Bxd5 {[%clk 1:26:42]} 8. Qc2 {[%clk 1:32:10]}  Bd6 {[%clk 1:26:32]} 9. Bxd6 {[%clk 1:32:06]}  cxd6 {[%clk 1:26:31]} 10. e4 {[%clk 1:32:20]}  Bb7 {[%clk 1:26:32]} 11. Bb5+ {[%clk 1:32:28]}  Nd7 {[%clk 1:26:26]} 12. Ne2 {[%clk 1:32:38]}  O-O {[%clk 1:22:38]} 13. O-O {[%clk 1:28:18]}  a6 {[%clk 1:20:05]} 14. Bd3 {[%clk 1:28:23]}  b5 {[%clk 1:15:05]} 15. Rac1 {[%clk 1:26:45]}  Rc8 {[%clk 1:14:32]} 16. Qd2 {[%clk 1:23:40]}  Qb6 {[%clk 1:13:40]} 17. Rxc8 {[%clk 1:20:06]}  Rxc8 {[%clk 1:14:01]} 18. Rc1 {[%clk 1:20:27]}  Rxc1+ {[%clk 1:10:41]} 19. Qxc1 {[%clk 1:20:37]}  e5 {[%clk 1:09:48]} 20. Qc3 {[%clk 1:05:23]}  exd4 {[%clk 1:03:59]} 21. Nxd4 {[%clk 1:05:31]}  Qc5 {[%clk 0:58:22]} 22. Ne2 {[%clk 0:48:34]}  Ne5 {[%clk 0:51:33]} 23. Bc2 {[%clk 0:36:39]}  Kf8 {[%clk 0:47:01]} 24. b4 {[%clk 0:28:31]}  Qxc3 {[%clk 0:32:20]} 25. Nxc3 {[%clk 0:28:54]}  Nc4 {[%clk 0:32:42]} 26. a4 {[%clk 0:26:52]}  bxa4 {[%clk 0:32:19]} 27. Nxa4 {[%clk 0:25:45]}  Ne5 {[%clk 0:24:40]} 28. Nc3 {[%clk 0:24:26]}  Nc6 {[%clk 0:21:47]} 29. b5 {[%clk 0:24:08]}  Nd4 {[%clk 0:21:41]} 30. bxa6 {[%clk 0:23:53]}  Bxa6 {[%clk 0:22:03]} 31. Bd1 {[%clk 0:23:50]}  Bc4 {[%clk 0:22:12]} 32. f3 {[%clk 0:23:25]}  Nb5 {[%clk 0:17:16]} 33. Na4 {[%clk 0:20:58]}  Ke7 {[%clk 0:17:07]} 34. Nb6 {[%clk 0:21:03]}  Be6 {[%clk 0:17:29]} 35. Na4 {[%clk 0:16:36]}  d5 {[%clk 0:13:39]} 36. exd5 {[%clk 0:16:54]}  Bxd5 {[%clk 0:14:03]} 37. Be2 {[%clk 0:17:09]}  Nd4 {[%clk 0:14:05]} 38. Nc3 {[%clk 0:17:25]}  Bc6 {[%clk 0:14:16]} 39. Bd3 {[%clk 0:17:33]}  f5 {[%clk 0:13:33]} 40. Kf2 {[%clk 0:17:50]}  Kf6 {[%clk 0:13:41]} 1/2-1/2

[Event "45th FIDE Chess Olympiad Open"]
[Site "Budapest, Hungary"]
[Date "2024.09.20"]
[Round "9"]
[White "Druska, Juraj"]
[Black "O`Gorman, Tom"]
[Result "1/2-1/2"]
[Board "99"]
[WhiteFideId "14915650"]
[BlackFideId "2508249"]
[WhiteTitle "IM"]
[BlackTitle "FM"]
[WhiteElo "2441"]
[BlackElo "2353"]
[WhiteTeam "Slovakia"]
[BlackTeam "Ireland"]
[WhiteClock "0:00:39"]
[BlackClock "0:26:31"]
[Variant "Standard"]

1. e4 {[%clk 1:30:56]}  e5 {[%clk 1:30:54]} 2. Nf3 {[%clk 1:31:20]}  Nc6 {[%clk 1:31:19]} 3. Nc3 {[%clk 1:31:44]}  Nf6 {[%clk 1:31:43]} 4. d4 {[%clk 1:32:07]}  Bb4 {[%clk 1:32:06]} 5. Nxe5 {[%clk 1:32:28]}  Qe7 {[%clk 1:32:16]} 6. Qd3 {[%clk 1:32:52]}  Bxc3+ {[%clk 1:32:31]} 7. Qxc3 {[%clk 1:31:41]}  Nxe4 {[%clk 1:32:50]} 8. Qe3 {[%clk 1:31:58]}  Nd6 {[%clk 1:32:22]} 9. Nxc6 {[%clk 1:32:16]}  dxc6 {[%clk 1:32:37]} 10. Qxe7+ {[%clk 1:32:19]}  Kxe7 {[%clk 1:33:01]} 11. Bf4 {[%clk 1:30:14]}  Be6 {[%clk 1:31:25]} 12. Bd3 {[%clk 1:29:29]}  Kd7 {[%clk 1:30:29]} 13. Bxd6 {[%clk 1:28:16]}  cxd6 {[%clk 1:30:24]} 14. Kd2 {[%clk 1:28:26]}  Rae8 {[%clk 1:29:43]} 15. Rae1 {[%clk 1:25:27]}  f6 {[%clk 1:29:34]} 16. Re3 {[%clk 1:22:42]}  Bf7 {[%clk 1:28:59]} 17. Rg3 {[%clk 1:18:47]}  g6 {[%clk 1:28:43]} 18. h4 {[%clk 1:17:31]}  Rhg8 {[%clk 1:27:38]} 19. c4 {[%clk 1:09:03]}  Ke7 {[%clk 1:18:04]} 20. Rf3 {[%clk 0:47:37]}  Be6 {[%clk 1:14:17]} 21. h5 {[%clk 0:35:46]}  Kf7 {[%clk 1:11:12]} 22. Rg3 {[%clk 0:35:54]}  f5 {[%clk 1:09:07]} 23. hxg6+ {[%clk 0:31:11]}  hxg6 {[%clk 1:09:20]} 24. Rh6 {[%clk 0:30:41]}  Kf6 {[%clk 1:08:08]} 25. f4 {[%clk 0:30:27]}  Bf7 {[%clk 1:06:14]} 26. Rg5 {[%clk 0:29:15]}  Kg7 {[%clk 1:06:04]} 27. Rh4 {[%clk 0:28:05]}  Kf6 {[%clk 1:06:05]} 28. g4 {[%clk 0:26:46]}  fxg4 {[%clk 0:54:21]} 29. Rhxg4 {[%clk 0:27:07]}  Rg7 {[%clk 0:50:19]} 30. Rh4 {[%clk 0:24:22]}  Rgg8 {[%clk 0:47:21]} 31. Rhg4 {[%clk 0:16:52]}  Rh8 {[%clk 0:42:45]} 32. Bxg6 {[%clk 0:15:15]}  Rh2+ {[%clk 0:31:00]} 33. Kc3 {[%clk 0:15:25]}  Re3+ {[%clk 0:29:39]} 34. Bd3 {[%clk 0:15:46]}  Bxc4 {[%clk 0:26:36]} 35. Rf5+ {[%clk 0:11:21]}  Ke6 {[%clk 0:25:20]} 36. Rg6+ {[%clk 0:11:39]}  Ke7 {[%clk 0:25:40]} 37. Rg7+ {[%clk 0:11:56]}  Ke6 {[%clk 0:25:59]} 38. Rg6+ {[%clk 0:10:26]}  Ke7 {[%clk 0:26:22]} 39. Rg7+ {[%clk 0:00:48]}  Ke6 {[%clk 0:26:31]} 40. Rg6+ {[%clk 0:00:39]} 1/2-1/2

[Event "45th FIDE Chess Olympiad Open"]
[Site "Budapest, Hungary"]
[Date "2024.09.20"]
[Round "9"]
[White "Fitzsimons, David"]
[Black "Kostolansky, Sebastian Lukas"]
[Result "0-1"]
[Board "100"]
[WhiteFideId "2501961"]
[BlackFideId "14950596"]
[WhiteTitle "IM"]
[BlackTitle "IM"]
[WhiteElo "2315"]
[BlackElo "2405"]
[WhiteTeam "Ireland"]
[BlackTeam "Slovakia"]
[WhiteClock "0:45:41"]
[BlackClock "0:11:46"]
[Variant "Standard"]

1. e4 {[%clk 1:30:58]}  c5 {[%clk 1:30:54]} 2. Nf3 {[%clk 1:31:22]}  e6 {[%clk 1:31:19]} 3. d4 {[%clk 1:31:43]}  cxd4 {[%clk 1:31:43]} 4. Nxd4 {[%clk 1:32:08]}  Nc6 {[%clk 1:31:56]} 5. Nc3 {[%clk 1:32:21]}  Qc7 {[%clk 1:31:55]} 6. Be3 {[%clk 1:32:40]}  a6 {[%clk 1:32:06]} 7. Qf3 {[%clk 1:32:04]}  Bd6 {[%clk 1:22:45]} 8. O-O-O {[%clk 1:32:13]}  Be5 {[%clk 1:23:05]} 9. Nxc6 {[%clk 1:32:12]}  bxc6 {[%clk 1:23:09]} 10. Bd4 {[%clk 1:32:19]}  Nf6 {[%clk 1:23:03]} 11. Bxe5 {[%clk 1:30:39]}  Qxe5 {[%clk 1:23:27]} 12. Qg3 {[%clk 1:30:45]}  Qxg3 {[%clk 1:20:25]} 13. hxg3 {[%clk 1:29:08]}  d5 {[%clk 1:06:33]} 14. f3 {[%clk 1:23:37]}  dxe4 {[%clk 0:43:25]} 15. Nxe4 {[%clk 1:18:17]}  Nxe4 {[%clk 0:40:23]} 16. fxe4 {[%clk 1:18:40]}  e5 {[%clk 0:27:27]} 17. Rd6 {[%clk 1:13:25]}  Bd7 {[%clk 0:23:46]} 18. Bc4 {[%clk 1:12:06]}  Ke7 {[%clk 0:23:41]} 19. Rhd1 {[%clk 1:11:01]}  Bg4 {[%clk 0:21:55]} 20. R1d2 {[%clk 1:00:22]}  Rhc8 {[%clk 0:22:19]} 21. Bb3 {[%clk 1:00:13]}  Rab8 {[%clk 0:14:16]} 22. Ba4 {[%clk 0:58:32]}  Rb4 {[%clk 0:12:41]} 23. Bxc6 {[%clk 0:54:43]}  Rb6 {[%clk 0:11:28]} 24. Bd7 {[%clk 0:48:08]}  Rxd6 {[%clk 0:11:53]} 25. Bxg4 {[%clk 0:48:30]}  Rc4 {[%clk 0:04:44]} 26. Bf3 {[%clk 0:46:24]}  h5 {[%clk 0:02:48]} 27. Rxd6 {[%clk 0:43:39]}  Kxd6 {[%clk 0:03:14]} 28. b3 {[%clk 0:44:03]}  Rc8 {[%clk 0:01:30]} 29. Bxh5 {[%clk 0:44:10]}  g6 {[%clk 0:01:42]} 30. Be2 {[%clk 0:44:21]}  a5 {[%clk 0:00:35]} 31. g4 {[%clk 0:44:34]}  Rh8 {[%clk 0:00:50]} 32. c3 {[%clk 0:43:41]}  Rh1+ {[%clk 0:01:02]} 33. Kc2 {[%clk 0:43:39]}  Ra1 {[%clk 0:01:19]} 34. Kb2 {[%clk 0:43:56]}  Re1 {[%clk 0:01:45]} 35. Bf3 {[%clk 0:43:33]}  f5 {[%clk 0:01:38]} 36. gxf5 {[%clk 0:42:00]}  gxf5 {[%clk 0:02:04]} 37. Kc2 {[%clk 0:41:39]}  fxe4 {[%clk 0:02:03]} 38. Kd2 {[%clk 0:42:05]}  Ra1 {[%clk 0:01:05]} 39. Bxe4 {[%clk 0:42:30]}  Rxa2+ {[%clk 0:01:27]} 40. Kd3 {[%clk 0:42:52]}  Kc5 {[%clk 0:01:05]} 41. b4+ {[%clk 0:21:41]}  axb4 {[%clk 0:01:29]} 42. cxb4+ {[%clk 0:22:08]}  Kxb4 {[%clk 0:01:53]} 43. Bd5 {[%clk 0:22:21]}  Ra1 {[%clk 0:25:35]} 44. Ke4 {[%clk 0:52:45]}  Re1 {[%clk 0:21:31]} 45. Kf5 {[%clk 0:53:09]}  Kc5 {[%clk 0:21:56]} 46. Bb7 {[%clk 0:53:05]}  Kd4 {[%clk 0:17:34]} 47. g4 {[%clk 0:53:06]}  Rf1+ {[%clk 0:14:07]} 48. Ke6 {[%clk 0:51:53]}  Rb1 {[%clk 0:13:57]} 49. Ba8 {[%clk 0:51:19]}  e4 {[%clk 0:12:29]} 50. g5 {[%clk 0:51:06]}  e3 {[%clk 0:11:38]} 51. Bf3 {[%clk 0:51:09]}  Rg1 {[%clk 0:11:27]} 52. Kf5 {[%clk 0:45:19]}  Rf1 {[%clk 0:11:52]} 53. Kg4 {[%clk 0:45:41]}  Rxf3 {[%clk 0:11:46]} 0-1

[Event "45th FIDE Chess Olympiad Open"]
[Site "Budapest, Hungary"]
[Date "2024.09.20"]
[Round "9"]
[White "Olson, Hamish"]
[Black "Henriquez Villagra, Cristobal"]
[Result "0-1"]
[Board "101"]
[WhiteFideId "2404257"]
[BlackFideId "3409350"]
[WhiteTitle "FM"]
[BlackTitle "GM"]
[WhiteElo "2384"]
[BlackElo "2604"]
[WhiteTeam "Scotland"]
[BlackTeam "Chile"]
[WhiteClock "0:02:24"]
[BlackClock "0:05:58"]
[Variant "Standard"]

1. d4 {[%clk 1:30:52]}  Nf6 {[%clk 1:30:24]} 2. g3 {[%clk 1:31:11]}  d5 {[%clk 1:30:19]} 3. Nf3 {[%clk 1:31:24]}  c6 {[%clk 1:30:10]} 4. c4 {[%clk 1:31:30]}  Bf5 {[%clk 1:24:42]} 5. Nc3 {[%clk 1:31:33]}  e6 {[%clk 1:20:47]} 6. Qb3 {[%clk 1:31:44]}  Qb6 {[%clk 1:16:16]} 7. c5 {[%clk 1:31:58]}  Qc7 {[%clk 1:14:16]} 8. Bf4 {[%clk 1:30:43]}  Qc8 {[%clk 1:11:54]} 9. Bg2 {[%clk 1:31:02]}  h6 {[%clk 1:11:37]} 10. O-O {[%clk 1:31:21]}  Nbd7 {[%clk 1:10:55]} 11. Nd2 {[%clk 1:30:12]}  Be7 {[%clk 1:04:05]} 12. e4 {[%clk 1:25:40]}  dxe4 {[%clk 1:04:30]} 13. Ncxe4 {[%clk 1:25:33]}  Bxe4 {[%clk 1:04:16]} 14. Bxe4 {[%clk 1:25:35]}  O-O {[%clk 1:03:38]} 15. Bg2 {[%clk 1:13:51]}  Nd5 {[%clk 1:00:34]} 16. Be3 {[%clk 1:11:47]}  Qc7 {[%clk 0:56:14]} 17. Qc2 {[%clk 1:05:12]}  Rad8 {[%clk 0:53:50]} 18. a3 {[%clk 1:01:57]}  h5 {[%clk 0:41:44]} 19. Nc4 {[%clk 0:54:42]}  N7f6 {[%clk 0:41:07]} 20. Bg5 {[%clk 0:50:41]}  Ng4 {[%clk 0:36:30]} 21. Bd2 {[%clk 0:48:06]}  h4 {[%clk 0:36:22]} 22. Qd1 {[%clk 0:45:37]}  Ngf6 {[%clk 0:34:39]} 23. Qe2 {[%clk 0:44:55]}  g6 {[%clk 0:31:57]} 24. Rad1 {[%clk 0:40:38]}  Kg7 {[%clk 0:32:04]} 25. Bc1 {[%clk 0:37:43]}  Rh8 {[%clk 0:32:08]} 26. Qe5 {[%clk 0:31:06]}  Qxe5 {[%clk 0:29:40]} 27. dxe5 {[%clk 0:28:58]}  Ng4 {[%clk 0:28:58]} 28. Bf3 {[%clk 0:15:50]}  Nh6 {[%clk 0:27:30]} 29. b4 {[%clk 0:12:51]}  hxg3 {[%clk 0:27:52]} 30. fxg3 {[%clk 0:11:59]}  Nf5 {[%clk 0:28:09]} 31. g4 {[%clk 0:11:55]}  Nh4 {[%clk 0:25:34]} 32. Bxd5 {[%clk 0:11:03]}  cxd5 {[%clk 0:19:27]} 33. Nd6 {[%clk 0:11:13]}  Rdf8 {[%clk 0:19:52]} 34. Nxb7 {[%clk 0:10:01]}  f5 {[%clk 0:20:15]} 35. gxf5 {[%clk 0:08:09]}  Nxf5 {[%clk 0:20:22]} 36. Nd6 {[%clk 0:07:27]}  Rh3 {[%clk 0:20:47]} 37. Nxf5+ {[%clk 0:07:04]}  gxf5 {[%clk 0:21:15]} 38. Rf2 {[%clk 0:06:29]}  a5 {[%clk 0:21:12]} 39. Rg2+ {[%clk 0:05:20]}  Kf7 {[%clk 0:21:30]} 40. Rg3 {[%clk 0:02:21]}  Rh4 {[%clk 0:21:28]} 41. Bd2 {[%clk 0:25:54]}  Rfh8 {[%clk 0:46:09]} 42. Rg2 {[%clk 0:22:55]}  Rh3 {[%clk 0:46:17]} 43. Rc1 {[%clk 0:22:28]}  Rxa3 {[%clk 0:45:59]} 44. bxa5 {[%clk 0:20:07]}  Rc8 {[%clk 0:42:19]} 45. c6 {[%clk 0:20:01]}  Bf8 {[%clk 0:35:52]} 46. h4 {[%clk 0:18:50]}  Ra4 {[%clk 0:28:18]} 47. Be1 {[%clk 0:15:27]}  Bg7 {[%clk 0:25:35]} 48. Rb2 {[%clk 0:11:35]}  Bxe5 {[%clk 0:25:04]} 49. Rb7+ {[%clk 0:11:19]}  Kf6 {[%clk 0:22:41]} 50. h5 {[%clk 0:08:48]}  Bf4 {[%clk 0:10:42]} 51. Rc2 {[%clk 0:07:53]}  d4 {[%clk 0:10:57]} 52. Rd7 {[%clk 0:07:34]}  Ra1 {[%clk 0:10:04]} 53. Kf2 {[%clk 0:07:31]}  Be3+ {[%clk 0:06:54]} 54. Ke2 {[%clk 0:07:28]}  Ke5 {[%clk 0:06:33]} 55. Bd2 {[%clk 0:06:05]}  f4 {[%clk 0:06:41]} 56. Bxe3 {[%clk 0:04:23]}  fxe3 {[%clk 0:07:10]} 57. Rc4 {[%clk 0:04:16]}  Ra2+ {[%clk 0:07:25]} 58. Kf3 {[%clk 0:01:59]}  Rf8+ {[%clk 0:06:09]} 59. Kg3 {[%clk 0:02:24]}  e2 {[%clk 0:05:58]} 0-1